000 00907cai a22001815a 4500
001 L138707
008 070704u xxk f 000 0 eng d
035 _a(Sirsi) u138707
041 0 _aeng
110 2 _aOffice of Government Commerce
_93987
245 0 0 _aHigh performing property publications
_h[electronic resource]
520 _aWebpage listing online publications relating to government's High Performing Property initiative, a five year strategy and implementation plan for improving the management and use of government's office estate. Includes the "High performance property implementation plan" and "High performance property: routemap to asset management excellence".
590 _aKA
651 4 _aUnited Kingdom
_y
690 _aBlock management
_96220
856 4 0 _uhttps://83.231.159.113/efficiency_documents_better_asset_management.asp
_zView the website free of charge online.
942 _n0
999 _c120609
_d120609